Política fiscal y familia

Saved in:
Bibliografiske detaljer
Hovedforfatter: Carpio García, Maximino (Author)
Format: Bog
Sprog:spansk
Udgivet: Madrid Visor 1999
Serier:Colección Economía Española, 10
Fag:
Tags: Tilføj Tag
Ingen Tags, Vær først til at tagge denne postø!

MARC

LEADER 00000nam a2200000 a 4500
001 UCN6931
003 CL-VaPUC
008 011005e19990000SP |||||||||||||||||spa|d
082 0 4 |a 336.46  |b CAR  |2 21 
100 0 |a Carpio García, Maximino  |e author  |9 462721 
245 1 0 |a Política fiscal y familia 
300 |a 356 p 
942 |c BK 
945 |d 20011005 00:00:00  |a crobeson 
260 |a Madrid  |b Visor  |c 1999 
650 0 |a Política fiscal  |9 317354 
650 7 |a ECONOMIA ESPAÑOLA  |2 CL-VaPUC  |9 314036 
650 0 |a Hacienda pública  |9 258673 
583 |a last modification  |c 20011005 00:00:00  |k Rodrigo Vera 
490 0 |a Colección Economía Española, 10 
999 |c 297487  |d 297485 
952 |0 0  |1 0  |4 0  |6 336_460000000000000_CAR_1999  |7 0  |8 A  |9 352268  |a BIBGIM  |b BIBGIM  |d 2019-11-21  |i 3751538  |o 336.46 CAR 1999  |p 3751538  |r 2025-01-15  |w 2019-11-21  |y BK  |k GIM